书目信息 |
| 题名: |
实验应力分析实验指导
|
|
| 作者: | 张如一 编著 | |
| 分册: | ||
| 出版信息: | 北京 清华大学出版社 1982 |
|
| 页数: | 225页 | |
| 开本: | 19cm | |
| 丛书名: | ||
| 单 册: | ||
| 中图分类: | O348-33 | |
| 科图分类: | ||
| 主题词: | 实验应用分析--实验 , 固体力学 | |
| 电子资源: | ||
| ISBN: | ||
| 000 | 00668nam0 2200241 45 | |
| 001 | 0182001373 | |
| 005 | 20060819144358.15 | |
| 010 | @dCNY0.85 | |
| 091 | @a15235.32 | |
| 100 | @a19950512d1982 em y0chiy0121 ea | |
| 101 | 0 | @achi |
| 102 | @aCN@b110000 | |
| 105 | @ay z 000yy | |
| 200 | 10 | @a实验应力分析实验指导@Ashi yan ying li fen xi shi yan zhi dao@f张如一编著@Fzhang ru yi bian zhu |
| 210 | @a北京@c清华大学出版社@d1982 | |
| 215 | @a225页@d19cm | |
| 606 | @a实验应用分析@x实验 | |
| 606 | 0 | @a固体力学 |
| 690 | @aO348-33 | |
| 701 | 0 | @a张如一@Azhang ru yi@4编著 |
| 801 | 2 | @aCN@bNLC@c20060819 |
| 801 | 0 | @aCN@b上海图书馆@c20060816 |
| 905 | @dO348-33@e3 | |
| 实验应力分析实验指导/张如一编著.-北京:清华大学出版社,1982 |
| 225页;19cm |
| ISBN :CNY0.85 |
| ● |
| 相关链接 |
|
|
|
|
正题名:实验应力分析实验指导
索取号:O348-33/3
 
预约/预借
| 序号 | 登录号 | 条形码 | 馆藏地/架位号 | 状态 | 备注 |
| 1 | 0122217 | 202284250 | 密集书库/ [索取号:O348-33/3] | 在馆 | |
| 2 | 0122218 | 202284269 | 密集书库/ [索取号:O348-33/3] | 在馆 | |
| 3 | 0122219 | 202275732 | 密集书库/ [索取号:O348-33/3] | 在馆 | |
| 4 | 0122220 | 202284278 | 密集书库/ [索取号:O348-33/3] | 在馆 | |
| 5 | 0122221 | 000385808 | 第三借阅区/ [索取号:O348-33/3] | 在馆 | |
| 6 | 0122222 | 000385782 | 第三借阅区/ [索取号:O348-33/3] | 在馆 | |
| 7 | 0122223 | 202275741 | 密集书库/ [索取号:O348-33/3] | 在馆 | |
| 8 | 0122224 | 000385791 | 第二样本阅览室/ [索取号:O348-33/3] | 在馆 | |
| 9 | 0461929 | 204619298 | 密集书库/ [索取号:O348-33/3] | 在馆 | |
| 10 | 0468890 | 204688908 | 密集书库/ [索取号:O348-33/3] | 在馆 |